01003nac a22002651u 4500010001600000020001500016082001700031090001500048100003400063245010400097250001200201260004700213300003500260500005100295500002700346504005300373511002800426650005900454700002300513700002800536700002200564942001900586999001500605952011700620 a 82073511 a069708514700a658.788bFLO c7601d7601 aFlood, Kenneth U. 10aTransportation management /cKenneth W. [i.e. U.] Flood, Oliver G. Callson, Sylvester J. Jablonski. a4th ed. aDubuque, Iowa :bW.C. Brown,c1984.cc1984. axxiv, 705 p. :bill. ;c24 cm. aRev. ed. of: Traffic management. 3rd ed. 1975. aDistributer: Al-Ahram. aIncludes bibliographical references and indexes. aCatalogued By: Mahitab. 0aShipment of goodsxLaw and legislationzUnited States.1 aCallson, Oliver G.1 aJablonski, Sylvester J.1 aFlood, Kenneth U. cBBk658.788FLO c7601d7601 00104070aMAINbMAINc1STd2008-01-31ePurchasel2o658.788FLOp000009051r2025-07-15 00:00:00s2011-11-24yBB